Normal view
MARC view
- Método de educación de Decroly
Entry Materia
001 - NÚMERO DE CONTROL DEL REGISTRO
- campo de control: 12937
003 - IDENTIFICADOR DE NUMERO DE CONTROL
- campo de control: UPN
005 - FECHA Y HORA DE LA ÚLTIMA TRANSACCIÓN
- campo de control: 20230523160941.0
008 - DATOS DE LONGITUD FIJA
- campo de control de longitud fija: 230523n||acnnnbabn | ana |d
035 ## - NÚMERO DE CONTROL DEL SISTEMA
- Número de control del sistema: UPN10000012945
040 ## - FUENTE DE LA CATALOGACIÓN
- Centro catalogador de origen: UPN
- Lengua de catalogación: spa
- Agencia de transcripción: UPN
150 ## - ENCABEZAMIENTO - TEMÁTICO
- Término de materia o nombre geográfico como elemento inicial: Método de educación de Decroly
450 ## - VÉASE - MATERIA
- Encabezamiento temático: Método de Decroly
670 ## - FUENTE EN LA QUE SE LOCALIZARON DATOS
- Cita de la fuente: E
- Información localizada: Montessori, Método de educación de
902 ## - CATALOGADOR
- Catalogador: MEEG/130398
